000
002500000a22000970004500
100
1
_a
Curtis, Tim
245
1
0
_a
El valor de la alfabetización para los énxet
300
_a
Vol.0, núm.62 (Mayo, 2005), Página 13
773
0
_t
Paso a paso
942
_c
ANA
999
_c
60532
_d
60532